Ariana Grande - Chansons de l'album Thank U, Next - Statistiques

Statistiques générales
  • Ce quiz a été pris 215 fois
  • Le résultat moyen est 10 sur 12
Statistiques - réponses
Hint Réponse % Correct
Thank U, Next 11 thank u, next
99%
Thank U, Next 10 7 rings
94%
Thank U, Next 3 NASA
90%
Thank U, Next 1 imagine
89%
Thank U, Next 8 ghostin
87%
Thank U, Next 2 needy
86%
Thank U, Next 4 bloodline
83%
Thank U, Next 12 break up with your girlfriend, i'm bored
80%
Thank U, Next 9 in my head
79%
Thank U, Next 7 make up
79%
Thank U, Next 6 bad idea
73%
Thank U, Next 5 fake smile
73%
Aucun quiz correspondant
Distribution des résultats
% des personnes avec chaque résultat
Percentile par nombre de réponses
Votre historique - résultats
Vous n’avez pas pris ce quiz